Lenguaje y comunicación 8º año básico: texto para el estudiante
Zapisane w:
| Główni autorzy: | , , |
|---|---|
| Format: | Książka |
| Język: | hiszpański |
| Wydane: |
Santiago
Mare Nostrum
2003
|
| Hasła przedmiotowe: | |
| Etykiety: |
Dodaj etykietę
Nie ma etykietki, Dołącz pierwszą etykiete!
|
MARC
| LEADER | 00000nam a2200000 a 4500 | ||
|---|---|---|---|
| 001 | UCH3961 | ||
| 003 | CL-VaPUC | ||
| 008 | 090818e20030000CL |||||||||||||||||spa|d | ||
| 020 | |a 8495509121 | ||
| 082 | 0 | 4 | |a 372.6 |b GUA |2 21 |
| 100 | |a Guajardo Cofré, Marcela |e author |9 547847 | ||
| 700 | |a Guajardo Cofré, Verónica |e author |9 547848 | ||
| 700 | 0 | |a Biedma Lagarrigue, Manuela |e author |9 539464 | |
| 245 | 1 | 0 | |a Lenguaje y comunicación 8º año básico: texto para el estudiante |
| 300 | |a 192 p | ||
| 942 | |c BK | ||
| 945 | |d 20090818 00:00:00 |a lazolas | ||
| 260 | |a Santiago |b Mare Nostrum |c 2003 | ||
| 650 | 0 | |a Educación lingüística |9 306506 | |
| 650 | 0 | |a Educación básica |9 224933 | |
| 650 | 0 | |a Libros de texto |9 270019 | |
| 650 | 0 | |a Métodos de enseñanza |9 270413 | |
| 583 | |a last modification |c 20190610 15:14:58 |k Rodrigo Vera | ||
| 999 | |c 335362 |d 335360 | ||